Statistiques concernant Villes les plus peuplées d'Allemagne

Cliquez ici pour prendre le quiz!

Statistiques générales

  • Ce quiz a été pris 166 fois
  • Le résultat moyen est 12 sur 20

Statistiques - réponses

PopulationVille% Correct
3 755 251Berlin
100%
1 512 491Munich
96%
1 892 122Hambourg
90%
773 068Francfort-sur-le-Main
88%
1 084 831Cologne
85%
616 093Leipzig
79%
593 317Dortmund
78%
632 865Stuttgart
78%
569 396Brême
68%
629 047Düsseldorf
68%
563 311Dresde
60%
545 045Hanovre
58%
523 026Nuremberg
58%
584 580Essen
49%
336 465Bonn
46%
365 742Bochum
31%
338 332Bielefeld
29%
502 211Duisbourg
29%
358 876Wuppertal
22%
320 946Münster
19%

Distribution des résultats

Percentile par nombre de réponses

% des personnes avec chaque résultat

Votre développement - résultats

Vous n’avez pas pris ce quiz